[Event "XX Festival Conca della Presolana A"]
[Site "Bratto - Castione della Presolana ITA"]
[Date "2000.09.01"]
[Round "8"]
[White "Marta, Daniele"]
[Black "Pagnoncelli, Marco"]
[Result "1/2-1/2"]
[WhiteElo "1900"]
[BlackElo "2082"]
[PlyCount "88"]
[EventDate "2000.08.25"]

1.d4 Nf6 2.Nf3 g6 3.c4 c5 4.Nc3 Bg7 5.e4 cxd4 6.Nxd4 d6 7.Be2 Nc6 8.Nc2 
O-O 9.O-O Be6 10.b3 Nxe4 11.Nxe4 Bxa1 12.Nxa1 d5 13.Ng5 Bf5 14.g4 Be6 15.
Nxe6 fxe6 16.Bb2 Qd6 17.Nc2 a6 18.Qd2 Rad8 19.Rd1 Qc5 20.Qe3 Qxe3 21.fxe3 
dxc4 22.Nd4 Nxd4 23.Rxd4 Rxd4 24.Bxd4 cxb3 25.axb3 Rc8 26.Kf2 Rc2 27.Kf3 
Kf7 28.h4 Rc1 29.Bd3 b5 30.Kf4 Rh1 31.Kg5 Rh3 32.h5 gxh5 33.gxh5 e5 34.Kg4
Rxh5 35.Kxh5 exd4 36.exd4 Ke6 37.Be4 a5 38.Bc6 Kd6 39.Bxb5 Kd5 40.Bd3 h6 
41.Kxh6 Kxd4 42.Bc4 a4 43.bxa4 Kxc4 44.Kg5 e5 1/2-1/2

[Event "XX Festival Conca della Presolana A"]
[Site "Bratto - Castione della Presolana ITA"]
[Date "2000.09.01"]
[Round "8"]
[White "Mascheroni, Maurizio"]
[Black "Murgia, Andrea"]
[Result "1/2-1/2"]
[WhiteElo "2059"]
[BlackElo "2131"]
[PlyCount "25"]
[EventDate "2000.08.25"]

1.e4 e5 2.Nf3 Nc6 3.Bb5 a6 4.Bxc6 dxc6 5.d4 exd4 6.Qxd4 Qxd4 7.Nxd4 Bd7 8.
Be3 c5 9.Nb3 b6 10.N1d2 O-O-O 11.O-O-O f6 12.f3 Ne7 13.Rhe1 1/2-1/2

[Event "XX Festival Conca della Presolana A"]
[Site "Bratto - Castione della Presolana ITA"]
[Date "2000.09.01"]
[Round "8"]
[White "Menoni, Vincenzo"]
[Black "Oppici, Gabriele"]
[Result "1/2-1/2"]
[WhiteElo "2240"]
[BlackElo "2040"]
[PlyCount "36"]
[EventDate "2000.08.25"]

1.e4 Nc6 2.d4 e5 3.dxe5 Nxe5 4.Nf3 Qf6 5.Nxe5 Qxe5 6.Bd3 Bc5 7.Qe2 Ne7 8.
f4 Qf6 9.Nc3 d6 10.Bd2 h5 11.e5 Qh4+ 12.g3 Qg4 13.exd6 Qxe2+ 14.Bxe2 Bxd6 
15.Nb5 Bg4 16.Nxd6+ cxd6 17.Bxg4 hxg4 18.O-O-O O-O-O 1/2-1/2

[Event "XX Festival Conca della Presolana A"]
[Site "Bratto - Castione della Presolana ITA"]
[Date "2000.09.01"]
[Round "8"]
[White "Mione, Dario"]
[Black "Marzano, Carlo"]
[Result "1/2-1/2"]
[WhiteElo "2286"]
[BlackElo "2236"]
[PlyCount "30"]
[EventDate "2000.08.25"]

1.c4 Nc6 2.g3 e5 3.Bg2 d6 4.b3 g6 5.Bb2 Bg7 6.e3 Nge7 7.Nc3 O-O 8.Nge2 Bg4
9.O-O Qd7 10.f3 Bh3 11.d4 Bxg2 12.Kxg2 exd4 13.Nxd4 Nxd4 14.exd4 Nf5 15.
Qd2 Rfe8 1/2-1/2

[Event "XX Festival Conca della Presolana A"]
[Site "Bratto - Castione della Presolana ITA"]
[Date "2000.09.01"]
[Round "8"]
[White "Profumo, Alberto"]
[Black "Drazic, Sinisa"]
[Result "0-1"]
[WhiteElo "2284"]
[BlackElo "2508"]
[PlyCount "82"]
[EventDate "2000.08.25"]

1.Nf3 d5 2.g3 c5 3.Bg2 g6 4.c3 Nf6 5.d4 Qb6 6.O-O Bg7 7.dxc5 Qxc5 8.Be3 
Qa5 9.h3 O-O 10.Nbd2 Nc6 11.Bf4 Qd8 12.Nd4 Nh5 13.Be3 e5 14.Nxc6 bxc6 15.
Bc5 Re8 16.Qa4 Bd7 17.e4 Nf6 18.Kh2 Qc8 19.Qc2 h6 20.b4 Qc7 21.Rad1 Kh7 
22.a4 a5 23.Nb3 axb4 24.cxb4 Nxe4 25.Bxe4 dxe4 26.a5 Qc8 27.Qxe4 Bxh3 28.
Rfe1 Be6 29.Qc2 Bg4 30.Rd6 e4 31.Nd4 Bxd4 32.Bxd4 Qf5 33.Qc5 Qxc5 34.bxc5 
Rxa5 35.Rxc6 Rd8 36.Bf6 Re8 37.Rc7 Kg8 38.Rb7 Rxc5 39.Kg1 Bf3 40.Rb3 Rf5 
41.Bd4 Rd8 0-1

[Event "XX Festival Conca della Presolana A"]
[Site "Bratto - Castione della Presolana ITA"]
[Date "2000.09.01"]
[Round "8"]
[White "Riccio, Eros"]
[Black "Lovati, Paolo"]
[Result "1-0"]
[WhiteElo "2134"]
[BlackElo "2084"]
[PlyCount "87"]
[EventDate "2000.08.25"]

1.d4 Nf6 2.Nf3 d5 3.Bf4 Bg4 4.Ne5 Bf5 5.e3 e6 6.Bd3 Bxd3 7.Qxd3 c6 8.O-O 
Be7 9.c4 O-O 10.h3 Nbd7 11.Nc3 Nxe5 12.Bxe5 Qa5 13.cxd5 cxd5 14.Rfc1 Rfc8 
15.Qb5 Qxb5 16.Nxb5 Ne8 17.Rxc8 Rxc8 18.Nxa7 Rc2 19.Rb1 f6 20.Bg3 Bd6 21.
Nb5 Bxg3 22.fxg3 Kf7 23.Kf1 Ke7 24.a4 Nd6 25.Nxd6 Kxd6 26.b4 Kc6 27.g4 Kb6
28.Rb3 Ra2 29.a5+ Kb5 30.Rc3 Kxb4 31.Rc7 Rxa5 32.Rxb7+ Kc3 33.Rxg7 Kd3 34.
Re7 Ra6 35.Kf2 Ke4 36.Rxh7 Ra2+ 37.Kg3 e5 38.Re7 Ra1 39.Re6 Rh1 40.Rxf6 
exd4 41.exd4 Kxd4 42.g5 Ke5 43.Rf2 d4 44.g6 1-0

[Event "XX Festival Conca della Presolana A"]
[Site "Bratto - Castione della Presolana ITA"]
[Date "2000.09.01"]
[Round "8"]
[White "Rossi, Giampiero"]
[Black "Podini, Francesco"]
[Result "0-1"]
[WhiteElo "2101"]
[BlackElo "2071"]
[PlyCount "47"]
[EventDate "2000.08.25"]

1.d4 e6 2.c4 b6 3.a3 Bb7 4.Nc3 f5 5.d5 Na6 6.Nf3 Nf6 7.Bg5 Be7 8.e3 Nc5 9.
Be2 O-O 10.O-O Nce4 11.Bxf6 Bxf6 12.Qb3 Bxc3 13.bxc3 Qf6 14.Rac1 c6 15.
Rfd1 cxd5 16.cxd5 Bxd5 17.Rxd5 exd5 18.Qxd5+ Kh8 19.Nd4 Nc5 20.Bc4 Rae8 
21.Ba2 f4 22.exf4 Qxf4 23.Rf1 Ne4 24.Ne2 0-1

[Event "XX Festival Conca della Presolana A"]
[Site "Bratto - Castione della Presolana ITA"]
[Date "2000.09.01"]
[Round "8"]
[White "Ruzzier, Dario"]
[Black "Berni, Giorgio"]
[Result "0-1"]
[WhiteElo "2080"]
[BlackElo "1905"]
[PlyCount "52"]
[EventDate "2000.08.25"]

1.d4 Nf6 2.c4 c5 3.d5 d6 4.Nc3 g6 5.e4 Bg7 6.f4 O-O 7.Nf3 b5 8.e5 dxe5 9.
fxe5 Ng4 10.Bf4 Nd7 11.e6 Nde5 12.h3 fxe6 13.Nxe5 Nxe5 14.Bg3 Qa5 15.Qd2 
b4 16.Bxe5 Bxe5 17.Ne4 Bb7 18.h4 Bf4 19.Qd3 exd5 20.cxd5 Rad8 21.Qb3 Bxd5 
22.Bc4 e6 23.O-O Bxe4 24.Bxe6+ Kg7 25.Rae1 Bd3 26.Rf3 c4 0-1

[Event "XX Festival Conca della Presolana A"]
[Site "Bratto - Castione della Presolana ITA"]
[Date "2000.09.01"]
[Round "8"]
[White "Sedina, Elena"]
[Black "Sarno, Spartaco"]
[Result "1/2-1/2"]
[WhiteElo "2405"]
[BlackElo "2409"]
[PlyCount "20"]
[EventDate "2000.08.25"]

1.e4 c6 2.d4 d5 3.Nc3 dxe4 4.Nxe4 Nd7 5.Nf3 Ngf6 6.Nxf6+ Nxf6 7.Ne5 Be6 8.
Be2 g6 9.O-O Bg7 10.Re1 O-O 1/2-1/2

[Event "XX Festival Conca della Presolana A"]
[Site "Bratto - Castione della Presolana ITA"]
[Date "2000.09.01"]
[Round "8"]
[White "Solinas, Carlo"]
[Black "Orsi, Massimiliano"]
[Result "1-0"]
[WhiteElo "2058"]
[BlackElo "2100"]
[PlyCount "49"]
[EventDate "2000.08.25"]

1.e4 e5 2.d4 exd4 3.f4 d5 4.e5 Nh6 5.Nf3 Bg4 6.Bd3 Nc6 7.a3 Bc5 8.h3 Bf5 
9.g4 Be4 10.O-O Qd7 11.b4 Bb6 12.Nbd2 Bxd3 13.cxd3 Ng8 14.Nb3 h5 15.Ng5 
hxg4 16.e6 fxe6 17.Nxe6 Qxe6 18.Re1 Qxe1+ 19.Qxe1+ Nge7 20.b5 Na5 21.Nxa5 
Bxa5 22.Qxa5 Rxh3 23.Ra2 g3 24.Re2 O-O-O 25.Rxe7 1-0

[Event "XX Festival Conca della Presolana A"]
[Site "Bratto - Castione della Presolana ITA"]
[Date "2000.09.01"]
[Round "8"]
[White "Tomba, Ivan"]
[Black "Sbarra, Marco"]
[Result "0-1"]
[WhiteElo "2022"]
[BlackElo "2285"]
[PlyCount "58"]
[EventDate "2000.08.25"]

1.e4 c5 2.Nf3 Nc6 3.d4 cxd4 4.Nxd4 e6 5.Nb5 d6 6.c4 Nf6 7.N1c3 a6 8.Na3 b6
9.Be2 Bb7 10.O-O Ne5 11.f4 Ned7 12.Bf3 Qc7 13.Qe2 Rc8 14.Be3 Be7 15.Rac1 
Nc5 16.Bf2 O-O 17.Nab1 Qb8 18.Nd2 Qa8 19.g4 h6 20.Rfe1 Rfe8 21.Qe3 d5 22.
cxd5 exd5 23.exd5 Nxd5 24.Nxd5 Bxd5 25.Bxd5 Qxd5 26.b4 Nd3 27.Rxc8 Rxc8 
28.Qxe7 Nxf2 29.Qe2 Nh3+ 0-1

[Event "XX Festival Conca della Presolana A"]
[Site "Bratto - Castione della Presolana ITA"]
[Date "2000.09.01"]
[Round "8"]
[White "Ventura, Boris"]
[Black "Berni, Fabrizio"]
[Result "1/2-1/2"]
[WhiteElo "2162"]
[BlackElo "2090"]
[PlyCount "61"]
[EventDate "2000.08.25"]

1.e4 e6 2.d4 d5 3.Nc3 Nc6 4.e5 Nge7 5.Bg5 b6 6.Nf3 Bb7 7.Bb5 Qd7 8.h4 a6 
9.Be2 h5 10.Qd2 Nf5 11.O-O-O Be7 12.Bxe7 Ncxe7 13.Bd3 c5 14.Ne2 a5 15.Ng5 
Ba6 16.Bxa6 Rxa6 17.f3 Nc6 18.dxc5 bxc5 19.g4 Nfd4 20.c3 Nxe2+ 21.Qxe2 Qb7
22.f4 Ne7 23.f5 hxg4 24.fxe6 fxe6 25.Qxg4 Rb6 26.Rd2 d4 27.Rhd1 Qd5 28.Kb1
Qxe5 29.cxd4 cxd4 30.Rxd4 O-O 31.Qe4 1/2-1/2

[Event "XX Festival Conca della Presolana A"]
[Site "Bratto - Castione della Presolana ITA"]
[Date "2000.09.01"]
[Round "8"]
[White "Voltolini, Giuseppe"]
[Black "Lapiccirella, Mattia"]
[Result "1-0"]
[WhiteElo "2279"]
[BlackElo "2144"]
[PlyCount "71"]
[EventDate "2000.08.25"]

1.d4 Nf6 2.c4 g6 3.Nc3 Bg7 4.e4 d6 5.Bd3 O-O 6.Nge2 c5 7.d5 e6 8.O-O Na6 
9.Rb1 Nb4 10.h3 exd5 11.cxd5 Nxd3 12.Qxd3 a6 13.a4 Re8 14.Ng3 b5 15.b3 b4 
16.Nd1 Nxe4 17.Nxe4 Rxe4 18.Qxe4 Bf5 19.Qe1 Bxb1 20.Bb2 Qe8 21.Qd2 Bf5 22.
Bxg7 Kxg7 23.Re1 Qd8 24.g4 Bc8 25.Ne3 Ra7 26.Kg2 Re7 27.Qb2+ Kg8 28.Qa1 
Re8 29.f3 Re5 30.f4 Re4 31.Kf3 Qe7 32.Qb2 f6 33.Qa1 Kg7 34.Qb2 Bb7 35.Qc2 
Bc8 36.Qxe4 1-0

[Event "XX Festival Conca della Presolana A"]
[Site "Bratto - Castione della Presolana ITA"]
[Date "2000.09.01"]
[Round "8"]
[White "Zoldan, Matteo"]
[Black "Ranieri, Fabrizio"]
[Result "1/2-1/2"]
[WhiteElo "2092"]
[BlackElo "2165"]
[PlyCount "21"]
[EventDate "2000.08.25"]

1.e4 e6 2.d4 d5 3.exd5 exd5 4.Bd3 Nc6 5.c3 Bd6 6.Qc2 Qe7+ 7.Ne2 Bg4 8.Be3 
Nf6 9.Nd2 O-O-O 10.O-O-O Kb8 11.Rde1 1/2-1/2

[Event "XX Festival Conca della Presolana A"]
[Site "Bratto - Castione della Presolana ITA"]
[Date "2000.09.02"]
[Round "9"]
[White "Alberton, Roberto"]
[Black "Cetro, Carlo"]
[Result "1-0"]
[WhiteElo "2147"]
[BlackElo "2050"]
[PlyCount "59"]
[EventDate "2000.08.25"]

1.e4 e6 2.d4 d5 3.Nd2 Nf6 4.e5 Nfd7 5.Bd3 c5 6.c3 Nc6 7.Ne2 cxd4 8.cxd4 f6
9.exf6 Nxf6 10.Nf3 Bd6 11.O-O Qc7 12.g3 O-O 13.Bf4 e5 14.dxe5 Nxe5 15.Nxe5
Bxe5 16.Rc1 Qd6 17.Bxe5 Qxe5 18.Qb3 Ng4 19.h3 Nf6 20.Rfe1 Qg5 21.h4 Qh6 
22.Nf4 Rd8 23.Rc7 Kh8 24.Re5 Bg4 25.Rg5 Ne8 26.Rxb7 Bf3 27.Bxh7 Qc6 28.
Qxf3 Qxb7 29.Ng6+ Kxh7 30.Rh5+ 1-0

[Event "XX Festival Conca della Presolana A"]
[Site "Bratto - Castione della Presolana ITA"]
[Date "2000.09.02"]
[Round "9"]
[White "Berni, Fabrizio"]
[Black "Battaggia, Piergiorgio"]
[Result "1-0"]
[WhiteElo "2090"]
[BlackElo "2118"]
[PlyCount "33"]
[EventDate "2000.08.25"]

1.e4 c5 2.Nf3 d6 3.d4 cxd4 4.Nxd4 a6 5.Nc3 Nf6 6.Bc4 e6 7.Bb3 b5 8.Be3 Bb7
9.f3 Be7 10.Qd2 Nbd7 11.Bxe6 fxe6 12.Nxe6 Qc8 13.Nxg7+ Kf7 14.Nf5 Qc6 15.
O-O-O Rac8 16.Bd4 b4 17.Nd5 1-0

[Event "XX Festival Conca della Presolana A"]
[Site "Bratto - Castione della Presolana ITA"]
[Date "2000.09.02"]
[Round "9"]
[White "Berni, Giorgio"]
[Black "Marta, Daniele"]
[Result "1-0"]
[WhiteElo "1905"]
[BlackElo "1900"]
[PlyCount "47"]
[EventDate "2000.08.25"]

1.e4 e6 2.d4 d5 3.e5 c5 4.c3 Ne7 5.Bd3 Nec6 6.Nf3 b6 7.O-O Ba6 8.Bxa6 Nxa6
9.Qa4 Nb8 10.Rd1 Qc7 11.c4 Nd7 12.cxd5 exd5 13.Nc3 cxd4 14.Nxd5 Qb7 15.Bf4
Nc5 16.Qb5 O-O-O 17.Nb4 Nxb4 18.Qxb4 Ne6 19.Qc4+ Bc5 20.Bg5 Nxg5 21.Nxg5 
Qd5 22.Rac1 Rhf8 23.b4 Qxe5 24.Nxf7 1-0

[Event "XX Festival Conca della Presolana A"]
[Site "Bratto - Castione della Presolana ITA"]
[Date "2000.09.02"]
[Round "9"]
[White "Bonomi, Maurizio"]
[Black "Tomba, Ivan"]
[Result "1/2-1/2"]
[WhiteElo "2234"]
[BlackElo "2022"]
[PlyCount "26"]
[EventDate "2000.08.25"]

1.Nf3 Nf6 2.g3 g6 3.Bg2 Bg7 4.O-O c5 5.c4 Nc6 6.d4 cxd4 7.Nxd4 O-O 8.Nc2 
Qb6 9.Nc3 d6 10.b3 Bd7 11.Bb2 Rfc8 12.Qd2 a6 13.Ne3 Qd8 1/2-1/2

[Event "XX Festival Conca della Presolana A"]
[Site "Bratto - Castione della Presolana ITA"]
[Date "2000.09.02"]
[Round "9"]
[White "Caruso, Daniele"]
[Black "Menoni, Vincenzo"]
[Result "0-1"]
[WhiteElo "2117"]
[BlackElo "2240"]
[PlyCount "74"]
[EventDate "2000.08.25"]

1.e4 e6 2.d4 d5 3.Nd2 Nf6 4.e5 Nfd7 5.Bd3 c5 6.c3 Nc6 7.Ne2 cxd4 8.cxd4 f6
9.exf6 Nxf6 10.O-O Bd6 11.Nf3 Qc7 12.Bg5 O-O 13.Bh4 Nh5 14.Qc2 h6 15.Bh7+ 
Kh8 16.Bg6 Rxf3 17.gxf3 Bxh2+ 18.Kg2 Nf4+ 19.Nxf4 Qxf4 20.Bg3 Bxg3 21.fxg3
Qxd4 22.Be8 Nb4 23.Qf2 Qf6 24.Rfd1 e5 25.a3 Nc6 26.Bxc6 bxc6 27.b4 Be6 28.
Rac1 d4 29.Kg1 Bd5 30.f4 Rf8 31.Rd2 Qg6 32.Kf1 Rf7 33.Ke1 Qg4 34.b5 exf4 
35.Rxd4 fxg3 36.Rxg4 gxf2+ 37.Kf1 cxb5 0-1

[Event "XX Festival Conca della Presolana A"]
[Site "Bratto - Castione della Presolana ITA"]
[Date "2000.09.02"]
[Round "9"]
[White "Davies, Nigel R."]
[Black "Belotti, Bruno"]
[Result "1/2-1/2"]
[WhiteElo "2486"]
[BlackElo "2417"]
[PlyCount "48"]
[EventDate "2000.08.25"]

1.d4 Nf6 2.Bg5 Ne4 3.Bf4 c5 4.f3 Qa5+ 5.c3 Nf6 6.d5 Qb6 7.Bc1 e6 8.e4 exd5
9.exd5 d6 10.Ne2 Be7 11.g4 Nfd7 12.Ng3 Ne5 13.Be2 f5 14.gxf5 O-O 15.Na3 
Bh4 16.O-O Qd8 17.Nc2 Bxg3 18.hxg3 Bxf5 19.Ne3 Bh3 20.Rf2 Qg5 21.Kh2 Qh5 
22.Kg1 Qg5 23.Kh2 Qh5 24.Kg1 Qg5 1/2-1/2

[Event "XX Festival Conca della Presolana A"]
[Site "Bratto - Castione della Presolana ITA"]
[Date "2000.09.02"]
[Round "9"]
[White "Di Fonzo, Valerio"]
[Black "Szekely, Peter"]
[Result "0-1"]
[WhiteElo "2217"]
[BlackElo "2445"]
[PlyCount "96"]
[EventDate "2000.08.25"]

1.e4 c5 2.Nf3 d6 3.Bb5+ Bd7 4.Bxd7+ Qxd7 5.O-O Nc6 6.b3 Nf6 7.Re1 e6 8.Bb2
Be7 9.h3 O-O 10.d3 Rad8 11.Nbd2 Qc7 12.Nh2 d5 13.Ng4 Nd4 14.e5 Nxg4 15.
hxg4 f5 16.Nf3 Nxf3+ 17.Qxf3 fxg4 18.Qxg4 Rf5 19.Re2 Rdf8 20.Rae1 Qc6 21.
Bc1 Qe8 22.f4 g5 23.g3 Qg6 24.Rh2 Kg7 25.Qh5 gxf4 26.Qxg6+ Kxg6 27.gxf4 h5
28.Rg2+ Kf7 29.Kh1 Rg8 30.Rxg8 Kxg8 31.Rg1+ Kh7 32.Kg2 Rf7 33.Kf3 Rg7 34.
Rxg7+ Kxg7 35.c4 Kg6 36.cxd5 exd5 37.Ba3 b5 38.Bc1 Kf5 39.Be3 a6 40.Bf2 h4
41.Bg1 a5 42.Bh2 c4 43.dxc4 dxc4 44.bxc4 bxc4 45.Bg1 c3 46.Ke2 Kxf4 47.Bb6
h3 48.e6 Ke4 0-1

[Event "XX Festival Conca della Presolana A"]
[Site "Bratto - Castione della Presolana ITA"]
[Date "2000.09.02"]
[Round "9"]
[White "Drazic, Sinisa"]
[Black "Cebalo, Miso"]
[Result "0-1"]
[WhiteElo "2508"]
[BlackElo "2520"]
[PlyCount "88"]
[EventDate "2000.08.25"]

1.g3 c5 2.Bg2 g6 3.c4 Bg7 4.Nc3 d6 5.a3 Nc6 6.Rb1 a5 7.d3 e5 8.Nf3 Nge7 9.
O-O O-O 10.Bd2 Rb8 11.Qc1 b6 12.Bh6 f6 13.Bxg7 Kxg7 14.Ne1 Be6 15.Nc2 d5 
16.cxd5 Nxd5 17.Ne3 Nde7 18.Qd2 Qd7 19.f4 Rbd8 20.fxe5 Nxe5 21.Rbd1 Bb3 
22.Rc1 Qe6 23.Rf4 N7c6 24.g4 Nd4 25.h3 f5 26.gxf5 gxf5 27.Nf1 Kh8 28.Qe3 
Rg8 29.Nd2 Rde8 30.Kh1 Qd6 31.Qf2 Ng6 32.Rxd4 Qxd4 33.Qxd4+ cxd4 34.Nb5 
Nf4 35.Bf3 Bd5 36.Bxd5 Nxd5 37.Nxd4 Nf4 38.Rc7 Nxe2 39.Nxe2 Rxe2 40.Nc4 
Rg3 41.Nd6 Rxd3 42.Nf7+ Kg8 43.Nh6+ Kf8 44.Rc8+ Re8 0-1

[Event "XX Festival Conca della Presolana A"]
[Site "Bratto - Castione della Presolana ITA"]
[Date "2000.09.02"]
[Round "9"]
[White "Everet, Alexandro"]
[Black "Gorelli Fagiolini, Marco"]
[Result "1-0"]
[WhiteElo "2348"]
[BlackElo "2203"]
[PlyCount "121"]
[EventDate "2000.08.25"]

1.d4 e6 2.c3 Nf6 3.Bg5 Be7 4.Nd2 d5 5.Qc2 O-O 6.Ngf3 b6 7.e3 c5 8.Ne5 Nfd7
9.Bf4 Nxe5 10.dxe5 Ba6 11.Nf3 Bxf1 12.Kxf1 Nc6 13.h4 Rc8 14.Rd1 Qc7 15.Rh3
Rfd8 16.Qb1 d4 17.exd4 cxd4 18.cxd4 Nb4 19.a3 Qc4+ 20.Kg1 Nd5 21.Bd2 Qc2 
22.Rh1 Qxb1 23.Rxb1 Rc2 24.g3 f6 25.Kg2 fxe5 26.dxe5 Rc4 27.Rhd1 Rf8 28.
Rbc1 Re4 29.Rc6 Kf7 30.Rdc1 h6 31.R1c4 Rxc4 32.Rxc4 Rd8 33.Nd4 Bc5 34.Nc6 
Rd7 35.Nb8 Rb7 36.Na6 Be7 37.Bb4 b5 38.Rc6 Bxb4 39.Nxb4 Nxb4 40.axb4 Rd7 
41.Ra6 Rd5 42.Rxa7+ Kf8 43.Rc7 Rxe5 44.Rc5 Re2 45.Rxb5 Kf7 46.Kf3 Rxb2 47.
Rb7+ Kf6 48.Rb8 Ke5 49.b5 h5 50.b6 Rb3+ 51.Kg2 Ke4 52.b7 Rb2 53.Kf1 Rb1+ 
54.Ke2 Rb2+ 55.Kd1 e5 56.Ke1 Rb5 57.Kf1 Rb1+ 58.Kg2 Rb2 59.Kh3 Rb1 60.Kh2 
Rb3 61.f4 1-0

[Event "XX Festival Conca della Presolana A"]
[Site "Bratto - Castione della Presolana ITA"]
[Date "2000.09.02"]
[Round "9"]
[White "Inkiov, Ventzislav V."]
[Black "Guido, Flavio"]
[Result "1-0"]
[WhiteElo "2416"]
[BlackElo "2303"]
[PlyCount "73"]
[EventDate "2000.08.25"]

1.d4 Nf6 2.c4 e6 3.Nc3 Bb4 4.e3 O-O 5.Bd3 d5 6.a3 Bxc3+ 7.bxc3 dxc4 8.Bxc4
c5 9.Nf3 Qc7 10.Ba2 Nc6 11.O-O e5 12.h3 e4 13.Nh2 Bf5 14.Bb2 Rad8 15.Qe2 
Rd7 16.Rfe1 Rfd8 17.Nf1 h6 18.Ng3 Bg6 19.f4 Ne7 20.Qf2 h5 21.f5 Bh7 22.Bb1
Rd5 23.c4 h4 24.Nxe4 Rxf5 25.Qxh4 Ng6 26.Qg3 Qxg3 27.Nxg3 Rg5 28.Kh2 cxd4 
29.Bxd4 b6 30.Bxf6 gxf6 31.Ne4 Rf5 32.Ra2 Kg7 33.Nd6 Re5 34.Nf5+ Kf8 35.
Rf2 Re6 36.Ref1 Ke8 37.Ng7+ 1-0

[Event "XX Festival Conca della Presolana A"]
[Site "Bratto - Castione della Presolana ITA"]
[Date "2000.09.02"]
[Round "9"]
[White "Laco, Giuseppe"]
[Black "Mione, Dario"]
[Result "0-1"]
[WhiteElo "2180"]
[BlackElo "2286"]
[PlyCount "80"]
[EventDate "2000.08.25"]

1.c4 e6 2.b3 c5 3.Bb2 Nf6 4.g3 Be7 5.Bg2 d5 6.f3 d4 7.Nh3 e5 8.Nf2 Nc6 9.
O-O g5 10.e4 Be6 11.d3 Rg8 12.Bc1 Qd6 13.Na3 O-O-O 14.Bd2 h5 15.Nc2 Rg7 
16.a3 Rh8 17.b4 Qd7 18.b5 Nd8 19.Nb4 h4 20.Qa4 hxg3 21.hxg3 cxb4 22.axb4 
Nh5 23.Nh1 Bh3 24.Qxa7 Bxg2 25.Qa8+ Kc7 26.b6+ Kd6 27.c5+ Ke6 28.Kxg2 Nf4+
29.gxf4 gxf4+ 30.Kf2 Rh2+ 31.Ke1 Bh4+ 32.Kd1 Rgg2 33.Ra2 Qb5 34.Qa3 Nc6 
35.Qb3+ Ke7 36.Kc1 Nxb4 37.Bxb4 Rxa2 38.c6+ Ke8 39.Qxa2 Rxa2 40.cxb7 Qc6+ 
0-1

[Event "XX Festival Conca della Presolana A"]
[Site "Bratto - Castione della Presolana ITA"]
[Date "2000.09.02"]
[Round "9"]
[White "Lapiccirella, Daniele"]
[Black "Galli, Fabio"]
[Result "1/2-1/2"]
[WhiteElo "2084"]
[BlackElo "2107"]
[PlyCount "24"]
[EventDate "2000.08.25"]

1.d4 d5 2.Nf3 Nf6 3.c4 c6 4.e3 e6 5.Bd3 Bd6 6.O-O Nbd7 7.Nbd2 O-O 8.b3 e5 
9.dxe5 Nxe5 10.Nxe5 Bxe5 11.Rb1 d4 12.Nf3 Bg4 1/2-1/2

[Event "XX Festival Conca della Presolana A"]
[Site "Bratto - Castione della Presolana ITA"]
[Date "2000.09.02"]
[Round "9"]
[White "Lapiccirella, Mattia"]
[Black "Aglietti, Graziano"]
[Result "1-0"]
[WhiteElo "2144"]
[BlackElo "2062"]
[PlyCount "55"]
[EventDate "2000.08.25"]

1.d4 Nf6 2.c4 g6 3.Nc3 d5 4.cxd5 Nxd5 5.e4 Nxc3 6.bxc3 Bg7 7.Bb5+ Bd7 8.
Be2 c5 9.Nf3 Qa5 10.Bd2 Qc7 11.O-O Nc6 12.d5 Ne5 13.Nxe5 Qxe5 14.Bd3 c4 
15.Bxc4 Qxe4 16.Qb3 O-O 17.Rfe1 Qh4 18.g3 Qf6 19.Bf4 Bh3 20.Re3 Rac8 21.
Rae1 a6 22.Be5 Qf5 23.Bd3 Qg4 24.Bxg7 Kxg7 25.Qxb7 Rxc3 26.Qb2 Rc8 27.Bxa6
Qd4 28.Bxc8 1-0

[Event "XX Festival Conca della Presolana A"]
[Site "Bratto - Castione della Presolana ITA"]
[Date "2000.09.02"]
[Round "9"]
[White "Mantovani, Renzo"]
[Black "Epishin, Vladimir V."]
[Result "1/2-1/2"]
[WhiteElo "2410"]
[BlackElo "2567"]
[PlyCount "222"]
[EventDate "2000.08.25"]

1.Nf3 g6 2.g3 Bg7 3.Bg2 e5 4.d3 d6 5.c4 f5 6.Nc3 Nf6 7.O-O O-O 8.Rb1 h6 9.
b4 g5 10.b5 Qe8 11.a4 a6 12.Nd2 Kh8 13.bxa6 Nxa6 14.Bxb7 Bxb7 15.Rxb7 e4 
16.Bb2 exd3 17.exd3 Qc8 18.Rb5 c6 19.Ra5 Ng4 20.Ba1 Qc7 21.Nb3 Ne5 22.Ne2 
f4 23.Ned4 Qf7 24.c5 dxc5 25.Nxc5 Nxc5 26.Rxc5 fxg3 27.fxg3 Qxf1+ 28.Qxf1 
Rxf1+ 29.Kxf1 Nxd3 30.Rc4 Ne5 31.Rc1 Ng4 32.Nxc6 Rxa4 33.Bxg7+ Kxg7 34.h3 
Ne3+ 35.Kf2 Nf5 36.Rc2 Ra3 37.Ne5 Nxg3 38.Rc7+ Kf6 39.Ng4+ Ke6 40.Rc6+ Kd5
41.Rxh6 Ne4+ 42.Kg2 Ra2+ 43.Kf3 Nd2+ 44.Kg3 Ra3+ 45.Kg2 Nf3 46.Rh8 Nh4+ 
47.Kh2 Ra2+ 48.Kh1 Ke4 49.Rb8 Kf4 50.Kg1 Nf3+ 51.Kf1 Kg3 52.Rh8 Ng1 53.Ke1
Nxh3 54.Nf6 Nf2 55.Rg8 g4 56.Nxg4 Nxg4 57.Rf8 Nf2 58.Rf7 Nd3+ 59.Kd1 Nf4 
60.Kc1 Kf3 61.Rf8 Ra7 62.Kd1 Ke3 63.Re8+ Kd4 64.Rd8+ Nd5 65.Ke1 Ra2 66.Kd1
Ke4 67.Kc1 Rh2 68.Re8+ Kd4 69.Rd8 Rg2 70.Kd1 Ke4 71.Kc1 Ne3 72.Rd7 Rc2+ 
73.Kb1 Rc8 74.Kb2 Nc2 75.Kb3 Nd4+ 76.Kb4 Kd3 77.Rh7 Rc4+ 78.Ka5 Rc6 79.Kb4
Rc4+ 80.Ka5 Rc1 81.Kb6 Ke4 82.Rh4+ Ke5 83.Rh5+ Nf5 84.Kb5 Ke4 85.Kb6 Ne7 
86.Rh4+ Kf5 87.Rh5+ Kg6 88.Rh2 Nd5+ 89.Kb5 Nc3+ 90.Kc4 Kf5 91.Kd3 Ne4 92.
Rh5+ Kg4 93.Rh8 Nc5+ 94.Ke3 Ne6 95.Ra8 Rc4 96.Kd3 Rd4+ 97.Ke3 Rb4 98.Ra5 
Nd4 99.Kd3 Nf3 100.Ra8 Kg3 101.Ke3 Ne5 102.Rf8 Ra4 103.Rg8+ Ng4+ 104.Kd3 
Rf4 105.Rh8 Kf3 106.Rh3+ Kf2 107.Rh5 Kg3 108.Rh8 Nf2+ 109.Ke3 Re4+ 110.Kd2
Rd4+ 111.Kc3 Rf4 1/2-1/2

[Event "XX Festival Conca della Presolana A"]
[Site "Bratto - Castione della Presolana ITA"]
[Date "2000.09.02"]
[Round "9"]
[White "Marzano, Carlo"]
[Black "Profumo, Alberto"]
[Result "1-0"]
[WhiteElo "2236"]
[BlackElo "2284"]
[PlyCount "73"]
[EventDate "2000.08.25"]

1.d4 Nf6 2.Nf3 g6 3.c4 Bg7 4.Nc3 O-O 5.e4 d6 6.Be2 e5 7.d5 Nh5 8.g3 f5 9.
exf5 gxf5 10.Nxe5 Nf6 11.Nf3 Ne4 12.Qc2 Na6 13.Be3 f4 14.Bxf4 Bf5 15.Nxe4 
Nc5 16.Nfd2 Qe7 17.f3 Bg6 18.O-O-O Rae8 19.Rhe1 a5 20.Bd3 Nxd3+ 21.Qxd3 a4
22.Re2 b5 23.cxb5 Rb8 24.Nb1 Qd7 25.Nbc3 Rb7 26.a3 Rfb8 27.Be3 Rxb5 28.
Nxb5 Rxb5 29.Bd4 Rb3 30.Bc3 Bxc3 31.bxc3 Qg7 32.Qd4 Bxe4 33.Qxg7+ Kxg7 34.
Rxe4 Rxc3+ 35.Kb2 Rb3+ 36.Ka2 Rxf3 37.Rd2 1-0

[Event "XX Festival Conca della Presolana A"]
[Site "Bratto - Castione della Presolana ITA"]
[Date "2000.09.02"]
[Round "9"]
[White "Murgia, Andrea"]
[Black "Manzoni, Alessandro"]
[Result "1-0"]
[WhiteElo "2131"]
[BlackElo "2115"]
[PlyCount "55"]
[EventDate "2000.08.25"]

1.e4 e5 2.Nf3 Nc6 3.Bb5 a6 4.Ba4 Nf6 5.Qe2 b5 6.Bb3 Be7 7.O-O O-O 8.c3 d6 
9.d4 Bg4 10.d5 Nb8 11.a4 bxa4 12.Rxa4 Nfd7 13.Be3 f5 14.exf5 Bxf5 15.Nbd2 
h6 16.Kh1 g5 17.h4 Kg7 18.Ne4 Nb6 19.Bxb6 cxb6 20.Ng3 Bd7 21.Re4 Qe8 22.
Nxe5 dxe5 23.Rxe5 Rf7 24.Re1 gxh4 25.Nh5+ Kf8 26.d6 Nc6 27.dxe7+ Rxe7 28.
Qf3+ 1-0

[Event "XX Festival Conca della Presolana A"]
[Site "Bratto - Castione della Presolana ITA"]
[Date "2000.09.02"]
[Round "9"]
[White "Oppici, Gabriele"]
[Black "Drabke, Lorenz Maximilian"]
[Result "0-1"]
[WhiteElo "2040"]
[BlackElo "2144"]
[PlyCount "22"]
[EventDate "2000.08.25"]

1.Nc3 c5 2.Nf3 e6 3.d4 cxd4 4.Nxd4 Nf6 5.Ndb5 d5 6.Bf4 Na6 7.g3 Bd7 8.Qd3 
Bc6 9.Bg2 d4 10.Ne4 Nxe4 11.Nxd4 Nb4 0-1